000 02314nam a2200349Ia 4500
005 20140521170347.0
008 130821s2007 xxu g q mlmul d
040 _aCO-BoUCM
_bspa
_cOscar Anaya (modificó)
_d[Nuevo]
041 _aeng
041 _afre
092 _aDVD 0564
245 0 0 _aZodiac
_cDavid Fincher, director
_h[DVD]
260 _aWashington D.C. (Estados Unidos)
_bParamount Pictures
_c2007
300 _a1 DVD, 157 minutos
_bimagen, sonido, color
500 _aSINOPSIS : Basado en la historia real sobre el famoso "Asesino del Zodiaco", un asesino en serie que entre los años 1966 y 1978 asesinó a un número indeterminado de personas en la zona de San Francisco, al tiempo que enviaba cartas con pistas, a modo de juego, a los medios de comunicación. La historia se centra en las largas pesquisas de dos detectives que intentaron darle caza, así como las de dos periodistas que intentaron averiguar su identidad
508 _aCRÉDITOS: Dirigida por David Fincher ; guion por James Vanderbilt ; producida por Ceán Chaffin ; música por David Shire ; fotografía por Harris Savides ; diseño de producción por Donald Graham Burt ; dirección de arte por Keith P. Cunningham ; ambientación por Victor J. Zolfo ; vestuario por Casey Storm ; maquillaje por Amy Schmiederer
511 0 _aREPARTO: Jake Gyllenhaal, Mark Ruffalo, Anthony Edwards, Robert Downey Jr., Brian Cox, John Carroll Lynch, Richmond Arquette, Bob Stephenson, John Lacy, Chloë Sevigny
520 _aBasada los libros "Zodiac" y "Zodiac Unmasked" de Robert Graysmith
546 _aAudio en inglés y francés. Subtítulos en inglés y español
650 0 4 _aAsesinos en el cine
_vDVD
_99626
650 0 4 _aEntretenimiento
_926487
650 0 4 _aPelículas cinematográficas
_zEstados Unidos
_vDVD
_951326
650 0 4 _aPelículas de misterio
_vDVD
_921238
650 0 4 _aPelículas de suspenso
_vDVD
_921240
700 1 _aFincher, David
_961327
_edirector
710 2 _aParamount Pictures
_948549
710 2 _aWarner Bros. Pictures
_941920
710 2 _aPhoenix Pictures
_961328
765 0 _tZodiac
856 4 0 _uhttp://www.youtube.com/watch?v=q6q_MfcDEEE
_zSiga este enlace para ver el trailer
_zTrailer tomado del canal Paramount Movies vía YouTube.com
942 _cMULTIMEDIA
_2LOCAL
_a11
_e1
_hDVD 0564
999 _c63894
_d63894